The Race for the New Frontier : International Competition in Advanced Technology-Decisions for America

Αποθηκεύτηκε σε:
Λεπτομέρειες βιβλιογραφικής εγγραφής
Μορφή: Βιβλίο
Γλώσσα:Undetermined
Έκδοση: New York A National Academy Press 1984
Θέματα:
Ετικέτες: Προσθήκη ετικέτας
Δεν υπάρχουν, Καταχωρήστε ετικέτα πρώτοι!
Thư viện lưu trữ: Trung tâm Học liệu Trường Đại học Cần Thơ
LEADER 00557nam a2200181Ia 4500
001 CTU_85152
008 210402s9999 xx 000 0 und d
082 |a 338.4 
082 |b R118 
245 4 |a The Race for the New Frontier : 
245 0 |b International Competition in Advanced Technology-Decisions for America 
245 2 |c A National Academy Press 
260 |a New York 
260 |b A National Academy Press 
260 |c 1984 
650 |a Technology and state 
650 |z United states 
980 |a Trung tâm Học liệu Trường Đại học Cần Thơ